00714cam a22002292 450000100060000000300080000600500170001400800410003103500190007204000370009104100080012808200210013610000340015724500780019125000120026926000320028130000290031349000440034250400200038665100430040683000350044936219BD-RJUL20211209052443.0140618t1968 enka b 001 0 eng d a(BD-RjUL)36316 aDLCcDLCdUKMdEQOdBD-RjULbeng aeng00a354.47bSCG 19681 aSchapiro, Leonard,d1908-198314aThe government and politics of the Soviet Union /c[by] Leonard Schapiro. a3rd ed. aLondon :bHutchinson,c1968 a178 p. :bill. ;c22 cm.1 aHutchinson university library. Politics aincludes index. 0aSoviet UnionxPolitics and government. 0aHutchinson university library.